Normal view
MARC view
Entry Personal Name
001 - CONTROL NUMBER
- control field: 610783
003 - CONTROL NUMBER IDENTIFIER
- control field: OSt
005 - DATE AND TIME OF LATEST TRANSACTION
- control field: 20221005081019.0
008 - FIXED-LENGTH DATA ELEMENTS
- fixed length control field: 221005|| aca||aabn | a|a d
040 ## - CATALOGING SOURCE
- Original cataloging agency: OSt
- Transcribing agency: OSt
100 ## - HEADING--PERSONAL NAME
- Personal name: Rai Vinay
670 ## - SOURCE DATA FOUND
- Source citation: Work cat.: (OSt)987030: Arora Harbeen 610782, Dawn of a new vibrant India, 2014
